000 00286nam a2200121Ia 4500
008 230303s9999 xx 000 0 und d
041 _aeng
082 _a629.82 lev
100 _aLevine (Williams.S)
245 _aThe control Handbook
260 _aNew Delhi
_bCRC Press
365 _cRS
999 _c180577
_d180577